| 000 | 00511nam a2200169Ia 4500 | ||
|---|---|---|---|
| 003 | OSt | ||
| 005 | 20220827110621.0 | ||
| 008 | 190216s9999||||xx |||||||||||||| ||und|| | ||
| 040 | _coclc | ||
| 082 |
_a954.83 _bVEL/A |
||
| 100 | 1 |
_aVeluthat, Kesavan, _d1951- _93112 |
|
| 245 | 0 |
_aAdvances In History / _cKesavan Veluthat ; P P Sudhakaran |
|
| 260 |
_bProf.M P Sreedharan Trust, _aCalicut: _c2003. |
||
| 300 | _a323p | ||
| 650 | _aHistory | ||
| 942 |
_cBK _2ddc _h954.83 _iVEL/A _k954.83 _mVEL/A |
||
| 999 |
_c21177 _d21177 |
||